Regional income redistribution and risk sharing how does Italy compare in Europe?

Salvato in:
Dettagli Bibliografici
Autore principale: Decressin, Jörg
Natura: Libro
Lingua:inglese
Pubblicazione: Washington International Monetary Fund 1999
Serie:IMF Working Paper WP/99/123
Soggetti:
Tags: Aggiungi Tag
Nessun Tag, puoi essere il primo ad aggiungerne!!

MARC

LEADER 00000nam a2200000 4500
001 c123773
005 20221221083435.3
041 0 |a eng 
044 |a US 
245 1 0 |a Regional income redistribution and risk sharing  |b how does Italy compare in Europe?  |c Jorg Decressin 
264 1 |a Washington  |b International Monetary Fund  |c 1999 
300 |a 34 s. 
490 1 |a IMF Working Paper  |v WP/99/123 
830 0 |a IMF Working Paper  |v WP/99/123 
610 2 0 |a politika verejná 
610 2 0 |a príjmy 
610 2 0 |a regióny politicko-administratívne 
610 2 0 |a redistribúcia 
610 2 0 |a redistribúcia zdrojov finančných 
610 2 0 |a produkt národný hrubý 
610 2 0 |a Taliansko 
610 2 0 |a porovnanie medzinárodné 
100 1 |a Decressin, Jörg